Remediar+redes. Evaluacion y monitoreo 2013. Acceso a medicamentos. Diversas miradas. Un mismo derecho. (Registro nro. 2077)
[ vista simple ]
| 000 -LEADER | |
|---|---|
| fixed length control field | 00814nam a2200241 a 4500 |
| 003 - CONTROL NUMBER IDENTIFIER | |
| control field | OSt |
| 005 - FECHA ULTIMA MODIFICACION | |
| control field | 20140217070938.0 |
| 008 - FIXED-LENGTH DATA ELEMENTS--GENERAL INFORMATION | |
| fixed length control field | 140217s2013 ag ||||| |||| 00| 0 spa d |
| 040 ## - CATALOGING SOURCE | |
| Transcribing agency | Biblioteca Medicina |
| 041 ## - LANGUAGE CODE | |
| Language code of text/sound track or separate title | spa |
| 082 ## - DEWEY DECIMAL CLASSIFICATION NUMBER | |
| Item number | MINIST. DE SALUD 0411 |
| 110 1# - MAIN ENTRY--CORPORATE NAME | |
| Corporate name or jurisdiction name as entry element | Ministerio de Salud |
| 9 (RLIN) | 2598 |
| 245 00 - TITLE STATEMENT | |
| Title | Remediar+redes. Evaluacion y monitoreo 2013. Acceso a medicamentos. Diversas miradas. Un mismo derecho. |
| 250 ## - EDITION STATEMENT | |
| Edition statement | 1º ed |
| 260 ## - PUBLICATION, DISTRIBUTION, ETC. (IMPRINT) | |
| Place of publication, distribution, etc | Buenos Aires |
| Name of publisher, distributor, etc | Ministerio de Salud de la Nacion |
| Date of publication, distribution, etc | 2013 |
| 300 ## - PHYSICAL DESCRIPTION | |
| Extent | 99 p. |
| 653 ## - INDEX TERM--UNCONTROLLED | |
| Uncontrolled term | SALUD PUBLICA-ARGENTINA |
| 653 ## - INDEX TERM--UNCONTROLLED | |
| Uncontrolled term | SALUD PUBLICA-PROGRAMAS |
| 653 ## - INDEX TERM--UNCONTROLLED | |
| Uncontrolled term | MEDICAMENTOS-GESTION |
| 856 ## - ELECTRONIC LOCATION AND ACCESS | |
| Host name | www.remediar.gob.ar |
| 942 ## - ADDED ENTRY ELEMENTS (KOHA) | |
| Source of classification or shelving scheme | Dewey Decimal Classification |
| Koha item type | Hemeroteca |
| Withdrawn status | Lost status | Fuente de clasificación | Damaged status | Not for loan | Ubicación permanente | Ubicación actual | Fecha de adquisición | Total Checkouts | Número de clasificación | Date last seen | Número de ejemplar | Price effective from | Koha tipo de elemento (item) |
|---|---|---|---|---|---|---|---|---|---|---|---|---|---|
| Dewey Decimal Classification | Biblioteca Medicina | Biblioteca Medicina | 17/02/2014 | MINIST. DE SALUD 613 | 06/11/2014 | Ej. 1 | 17/02/2014 | Hemeroteca |